| 000 | 00514nam a2200193Ia 4500 | ||
|---|---|---|---|
| 005 | 20260122095502.0 | ||
| 008 | 260121s9999||||xx |||||||||||||| ||und|| | ||
| 020 | _a9788119391875 | ||
| 082 |
_a617.102 _bSIN |
||
| 100 | _aSingh, Vinod | ||
| 245 | 0 | _aAthletic care and rehabilitation / | |
| 260 |
_aNew Delhi : _bAsia Publishers and Distributors, _c2023. |
||
| 300 | _ax, 296 p.; hb | ||
| 650 | _aAthletic Care | ||
| 650 | _aPhysical Education | ||
| 650 | _aRehabilitation | ||
| 650 | _aSports | ||
| 942 | _cTB | ||
| 999 |
_c48217 _d48217 |
||